Les 20 villes les plus peuplées des Hautes Pyrénées sur une carte - Statistiques

Statistiques générales
  • Ce quiz a été pris 131 fois
  • Le résultat moyen est 10 sur 20
Réponses sur la Carte
Les réponses sont colorées sur une échelle allant du rouge au vert en fonction du pourcentage des utilisateurs qui les ont devinées à leur premier essai. Vous pouvez retrouver ces pourcentages ci-dessous.
 
Statistiques - réponses
Pop. Réponse % Correct
43 955 Tarbes
99%
13 509 Lourdes
95%
7 000 Bagnères-de-Bigorre
83%
2 850 Argelès-Gazost
70%
5 810 Lannemezan
69%
5 161 Séméac
55%
4 822 Vic-en-Bigorre
54%
2 919 Ibos
53%
7 982 Aureilhan
48%
5 407 Bordères-sur-l'Échez
45%
4 022 Juillan
45%
3 303 Odos
41%
3 023 Soues
41%
1 869 Laloubère
39%
2 351 Ossun
38%
2 245 Maubourguet
37%
1 445 Rabastens-de-Bigorre
34%
3 500 Barbazan-Debat
30%
1 880 Bazet
30%
1 944 Orleix
28%
Aucun quiz correspondant
Distribution des résultats
% des personnes avec chaque résultat
Percentile par nombre de réponses
Votre historique - résultats
Vous n’avez pas pris ce quiz